| 000 | 00926 a2200277 4500 | ||
|---|---|---|---|
| 001 | 200041547 | ||
| 999 |
_c200041547 _d36025 |
||
| 003 | TR-AnTOB | ||
| 005 | 20190917095750.0 | ||
| 008 | 110621s2004 ii 000 0 | ||
| 020 | _a8188262048 | ||
| 040 | _aTR-AnTOB | ||
| 041 | _aeng | ||
| 050 | 0 | 0 |
_aHB195 _b.C694 2004 |
| 090 | _aHB195 .C694 2004 | ||
| 245 | 0 | 0 |
_aCost of conflict between India and Pakistan / _cInternational Centre for Peace Initiatives. |
| 264 | 1 |
_aMumbai: _bStrategic Foresight Group, _c2004 |
|
| 300 |
_a105 p.: _bcol.ill.,col.maps _c25 cm. |
||
| 650 |
_aSavaş _xEkonomik yönleri _zHindistan _974627 |
||
| 650 |
_aSavaş _xEkonomik yönleri _zPakistan _974628 |
||
| 650 | 0 |
_aWar _xEconomic aspects _zIndia _974625 |
|
| 650 | 0 |
_aWar _xEconomic aspects _zPakistan _974626 |
|
| 710 | 2 |
_aInternational Centre for Peace Initiatives _974623 |
|
| 710 | 2 |
_aStrategic Foresight Group (Mumbai, India) _974624 |
|
| 942 | _cBK | ||